[Event "Open Nord"]
[Site ""]
[Date "2009.10.10"]
[Round "1"]
[White "Schiano-Lomoriello, Didier"]
[Black "Madranges, Jean"]
[Result "1-0"]
[WhiteElo "1510"]
[BlackElo "1762"]
[PlyCount "60"]
[EventDate "2009.??.??"]

1. e4 c5 2. Nf3 Nc6 3. d4 cxd4 4. Nxd4 e5 5. Nb3 Nf6 6. Nc3 Bb4 7. Qd3 d5 8.
exd5 Bxc3+ 9. Qxc3 Nxd5 10. Qg3 O-O 11. a3 Bf5 12. Bd3 e4 13. Bc4 Nb6 14. Be2
Qe7 15. Be3 Rfd8 16. O-O Na4 17. Rab1 Bg6 18. Bb5 Nb6 19. Rfd1 Rxd1+ 20. Rxd1
Rd8 21. Rxd8+ Qxd8 22. Qg4 h6 23. h3 Ne5 24. Qe2 a6 25. Bxb6 Qxb6 26. Ba4 Qd6
27. Nd2 Qd4 28. Bb3 Qxb2 29. Nxe4 Qxa3 30. Qe3 Bxe4 1-0

[Event "Open Nord"]
[Site ""]
[Date "2009.10.10"]
[Round "1"]
[White "Duncan, Troy"]
[Black "Gozzo, Jean-Claude"]
[Result "1-0"]
[WhiteElo "1499"]
[BlackElo "1670"]
[PlyCount "63"]

1. e4 e6 2. d4 d5 3. Nc3 Nf6 4. e5 Nfd7 5. a3 Be7 6. Qg4 g6 7. Be3 h5 8. Qd1 c5
9. f4 Bh4+ 10. g3 Be7 11. Nf3 Nc6 12. Be2 cxd4 13. Nxd4 Nxd4 14. Bxd4 Bc5 15.
b4 Bxd4 16. Qxd4 O-O 17. Nb5 f6 18. O-O Qb6 19. Qxb6 Nxb6 20. Nd6 Na4 21. c4
Nc3 22. Bd3 f5 23. cxd5 Nxd5 24. Bc4 Ne3 25. Rfc1 Nxc4 26. Rxc4 b6 27. Rac1 Bd7
28. Rc7 Ba4 29. Re7 Bb3 30. Rcc7 a5 31. Rg7+ Kh8 32. Rh7+ 1-0

[Event "Open Nord"]
[Site ""]
[Date "2009.10.10"]
[Round "1"]
[White "Urcun, Gael"]
[Black "Lagier, Ludovic"]
[Result "1-0"]
[WhiteElo "1640"]
[BlackElo "1499"]
[PlyCount "67"]
[EventDate "2009.??.??"]

1. e4 c6 2. d4 d5 3. Nc3 e6 4. Nf3 dxe4 5. Nxe4 Nf6 6. Bd3 Be7 7. h3 Nbd7 8.
Be3 Nxe4 9. Bxe4 Nf6 10. Bd3 b6 11. Ne5 Bb7 12. Qf3 Qd5 13. Qxd5 exd5 14. g4
Rd8 15. Bf5 g6 16. Bd3 Nd7 17. f4 f6 18. Nf3 Bd6 19. Kf2 O-O 20. f5 g5 21. h4
h6 22. hxg5 hxg5 23. Rh3 Kg7 24. Rah1 Rh8 25. c4 Rxh3 26. Rxh3 dxc4 27. Bxc4 c5
28. Be6 cxd4 29. Bxd4 Bc5 30. Bxc5 Nxc5 31. b3 Nxe6 32. fxe6 Re8 33. Nd4 Bd5
34. Nf5+ 1-0

[Event "Open Nord"]
[Site "?"]
[Date "2009.10.10"]
[Round "1"]
[White "Jean, Nicolas"]
[Black "Raymond, Xavier"]
[Result "1-0"]
[WhiteElo "1670"]
[BlackElo "1499"]
[PlyCount "57"]
[EventDate "2009.??.??"]

1. e4 e6 2. d4 d5 3. e5 c5 4. c3 Qb6 5. Bd3 cxd4 6. cxd4 Qb4+ 7. Nc3 Bd7 8. Nf3
a6 9. O-O Nc6 10. a3 Qb6 11. Bc2 Nh6 12. Na4 Qc7 13. Bxh6 gxh6 14. b4 Rc8 15.
Rc1 Ne7 16. Qd2 Bc6 17. Nc5 Bg7 18. Nh4 f6 19. Nxe6 Qb8 20. Nxg7+ Kf7 21. exf6
Rhg8 22. Qe3 Qc7 23. Qe6+ Kf8 24. fxe7+ Qxe7 25. Qxe7+ Kxe7 26. Rfe1+ Kf7 27.
Nhf5 Rxg7 28. Re7+ Kf6 29. Rxg7 1-0

[Event "Open Nord"]
[Site ""]
[Date "2009.10.10"]
[Round "1"]
[White "Garcia, Robustiano"]
[Black "Roux, Jean-Marie"]
[Result "1-0"]
[WhiteElo "1720"]
[BlackElo "1510"]
[PlyCount "43"]

1. d4 d5 2. c4 Nf6 3. cxd5 Nxd5 4. e4 Nf6 5. Nc3 e6 6. Bg5 Be7 7. Nf3 O-O 8.
Bc4 Nc6 9. O-O Bd7 10. e5 Ne8 11. Bxe7 Qxe7 12. Rc1 Kh8 13. Qd2 f5 14. d5 Nd8
15. Rfd1 Nf7 16. Nd4 Nxe5 17. Bb3 Nf6 18. dxe6 Bc8 19. Nxf5 Ne4 20. Nxe7 Nxd2
21. Rxd2 Rf6 22. Rd8+ 1-0

[Event "Open Nord"]
[Site "?"]
[Date "2009.10.10"]
[Round "1"]
[White "Dudognon, Thibault"]
[Black "Carre, Pierre-Jean"]
[Result "1-0"]
[WhiteElo "1670"]
[BlackElo "1499"]
[PlyCount "91"]
[EventDate "2009.??.??"]

1. e4 e5 2. Nf3 Nc6 3. Bc4 Nf6 4. Ng5 d5 5. exd5 Nxd5 6. Nxf7 Kxf7 7. Qf3+ Ke6
8. Nc3 Nce7 9. O-O Kd6 10. Bxd5 c6 11. Ne4+ Kc7 12. Bb3 Ng6 13. d3 Bd7 14. Ng5
Be7 15. Nf7 Qf8 16. Nxh8 Qxf3 17. gxf3 Rxh8 18. f4 exf4 19. Re1 Bd6 20. Bf7 Nh4
21. Re4 Rf8 22. Bxf4 Bxf4 23. Rxf4 Ng6 24. Bxg6 Rxf4 25. Bxh7 Rg4+ 26. Kf1 g6
27. Re1 Bf5 28. Re7+ Kb6 29. Bg8 Rh4 30. Rh7 Rd4 31. Bc4 Rd6 32. b4 g5 33. Rf7
Bh3+ 34. Ke1 a5 35. bxa5+ Kxa5 36. Rxb7 Rd8 37. Rg7 g4 38. Rh7 Re8+ 39. Kd2 Bf1
40. Kc3 Re2 41. Rf7 g3 42. hxg3 Re1 43. Kd4 Kb4 44. Rb7+ Ka3 45. Kc3 c5 46.
Ra7# 1-0

[Event "Open Nord"]
[Site ""]
[Date "2009.10.10"]
[Round "1"]
[White "Benezra, David"]
[Black "Alpe, Jean-Charles"]
[Result "0-1"]
[WhiteElo "1430"]
[BlackElo "1620"]
[PlyCount "20"]

1. e4 d6 2. Nf3 Nf6 3. Nc3 e5 4. d4 Nbd7 5. d5 Be7 6. Be3 O-O 7. h3 c6 8. Bd3
h6 9. Qd2 Nh7 10. O-O-O c5 {Telephone} 0-1

[Event "Open Nord"]
[Site "?"]
[Date "2010.02.06"]
[Round "1"]
[White "Joubert, Leo"]
[Black "Montanelli, Tristan"]
[Result "1-0"]
[WhiteElo "1399"]
[BlackElo "1646"]
[PlyCount "69"]

1. d4 e6 2. c4 c5 3. d5 exd5 4. cxd5 Nf6 5. Nc3 g6 6. e4 d6 7. h3 Bg7 8. Nf3
O-O 9. Bd3 Re8 10. O-O c4 11. Bxc4 Nxe4 12. Nxe4 Rxe4 13. Qc2 Re7 14. Bg5 f6
15. Bf4 Bf5 16. Qb3 Na6 17. Bxa6 bxa6 18. Nd4 Rb8 19. Qa3 Bd7 20. Qxd6 Re8 21.
Qxb8 Qxb8 22. Bxb8 Rxb8 23. b3 f5 24. Rad1 Rb6 25. Rfe1 Bf6 26. Ne6 Bc3 27. Rd3
Bb4 28. d6 a5 29. Ng5 h6 30. Re7 Rb7 31. Ne6 g5 32. Nc7 Bc6 33. Na6 Ba3 34.
Rxb7 Bxb7 35. d7 1-0

[Event "Open Nord"]
[Site "?"]
[Date "2009.11.07"]
[Round "2"]
[White "Alpe, Jean-Charles"]
[Black "Dudognon, Thibault"]
[Result "0-1"]
[WhiteElo "1620"]
[BlackElo "1670"]
[PlyCount "60"]
[EventDate "2009.??.??"]

1. c4 Nf6 2. g3 e6 3. Bg2 d5 4. cxd5 exd5 5. d4 Bf5 6. Nf3 Bxb1 7. Rxb1 c6 8.
O-O Bd6 9. b3 O-O 10. Bb2 Re8 11. e3 Nbd7 12. Rc1 Qa5 13. Bc3 Qc7 14. Bb2 Qa5
15. Bc3 Qb6 16. Bb2 Ne4 17. Nd2 Ndf6 18. Nxe4 Nxe4 19. a3 f5 20. Qd3 g6 21. b4
a5 22. f3 Nf6 23. bxa5 Qxb2 24. Rb1 Qxa3 25. Rb3 Qxa5 26. Rxb7 Rab8 27. Rfb1
Rxb7 28. Rxb7 Qe1+ 29. Bf1 Rxe3 30. Qc2 Rxf3 0-1

[Event "Open Nord"]
[Site "?"]
[Date "2009.11.07"]
[Round "2"]
[White "Gozzo, Jean-Claude"]
[Black "Joubert, Leo"]
[Result "1-0"]
[WhiteElo "1670"]
[BlackElo "1399"]
[PlyCount "88"]

1. d4 d5 2. c4 e6 3. Nc3 Nf6 4. Bg5 Be7 5. e3 O-O 6. Bd3 c6 7. Qc2 Nbd7 8. Nf3
h6 9. Bh4 dxc4 10. Bxc4 b5 11. Be2 Nd5 12. Bxe7 Nxe7 13. O-O Qc7 14. Rac1 a6
15. b4 Bb7 16. Ne4 Qb6 17. Nc5 Rfd8 18. Nxd7 Rxd7 19. Ne5 Rc7 20. Bf3 Rac8 21.
a3 f6 22. Ng6 Nxg6 23. Qxg6 a5 24. Be4 Rf7 25. Qh7+ Kf8 26. Bg6 axb4 27. axb4
Ke7 28. Bxf7 Kxf7 29. Qb1 Qc7 30. Rc5 Ra8 31. Rfc1 Qd6 32. Qb2 g5 33. Ra1 Rxa1+
34. Qxa1 e5 35. Qa7 Qe7 36. dxe5 fxe5 37. Qb8 Kf6 38. Qh8+ Qg7 39. Qxg7+ Kxg7
40. Rxe5 Bc8 41. Re7+ Kg6 42. Rc7 Bf5 43. Rxc6+ Kh5 44. Rc3 Bd3 1-0

[Event "Open Nord"]
[Site "?"]
[Date "2009.11.07"]
[Round "2"]
[White "Urcun, Gael"]
[Black "Garcia, Robustiano"]
[Result "1/2-1/2"]
[WhiteElo "1640"]
[BlackElo "1720"]
[PlyCount "89"]

1. e4 c5 2. Nc3 Nc6 3. g3 Nf6 4. Bg2 g6 5. d3 Bg7 6. Be3 d6 7. h3 O-O 8. Qd2
Bd7 9. Bh6 Nd4 10. O-O-O b5 11. e5 dxe5 12. Bxg7 Kxg7 13. Bxa8 Qxa8 14. Nge2
Bc6 15. f3 Bxf3 16. Rh2 Bxe2 17. Rxe2 Nxe2+ 18. Qxe2 b4 19. Na4 Qd5 20. b3 Nh5
21. Qe3 Qd4 22. Qf3 Rd8 23. Rf1 Nf6 24. g4 e4 25. Qf4 exd3 26. Qxd4 cxd4 27.
cxd3 Rc8+ 28. Kd2 Nd5 29. Re1 Ne3 30. Rc1 Rxc1 31. Kxc1 f5 32. gxf5 gxf5 33.
Nc5 Kf6 34. Na6 Nd5 35. Nb8 e5 36. Nc6 f4 37. Nxa7 f3 38. Kd2 Ne3 39. Ke1 f2+
40. Kxf2 Kf5 41. Nc6 Nd5 42. Kf3 Ke6 43. Ke4 Nf6+ 44. Kf3 Nd5 45. Ke4 1/2-1/2

[Event "Open Nord"]
[Site "?"]
[Date "2009.11.07"]
[Round "2"]
[White "Roux, Jean-Marie"]
[Black "Lagier, Ludovic"]
[Result "0-1"]
[WhiteElo "1510"]
[BlackElo "1490"]
[PlyCount "62"]
[EventDate "2009.??.??"]

1. e4 c6 2. d4 d5 3. exd5 cxd5 4. Nf3 Nf6 5. Nc3 Bf5 6. Bd3 Bxd3 7. Qxd3 e6 8.
Bf4 Bd6 9. Bg5 Be7 10. Be3 a6 11. h3 Nc6 12. g4 Qc7 13. O-O-O b5 14. Kb1 b4 15.
Ne2 Ne4 16. h4 a5 17. h5 h6 18. Rhg1 a4 19. g5 hxg5 20. Bxg5 Nxf2 21. Qd2 Nxd1
22. Rxd1 Rxh5 23. Bf4 Bd6 24. Rg1 Kf8 25. Bg5 b3 26. cxb3 axb3 27. a3 Qa7 28.
Nc3 Qa6 29. Bf4 Bxf4 30. Qxf4 Qd3+ 31. Ka1 Rxa3+ 0-1

[Event "Open Nord"]
[Site "?"]
[Date "2009.11.07"]
[Round "2"]
[White "Madranges, Jean"]
[Black "Duncan, Troy"]
[Result "1-0"]
[WhiteElo "1772"]
[BlackElo "1499"]
[PlyCount "53"]

1. d4 d5 2. Nf3 Nf6 3. e3 e6 4. Bd3 c5 5. c3 Bd6 6. Nbd2 c4 7. Bc2 b5 8. O-O
O-O 9. e4 dxe4 10. Nxe4 Be7 11. Qe2 Qc7 12. Nxf6+ Bxf6 13. Qe4 g6 14. Qxa8 Nc6
15. Bf4 Qb6 16. Ne5 Bxe5 17. dxe5 Bb7 18. Qxf8+ Kxf8 19. Rad1 Ne7 20. Rd6 Qa5
21. Bh6+ Ke8 22. a3 b4 23. Rfd1 bxc3 24. bxc3 Bd5 25. Bg5 Qxc3 26. Ba4+ Kf8 27.
Bh6+ 1-0

[Event "Open Nord"]
[Site "?"]
[Date "2009.11.07"]
[Round "2"]
[White "Montanelli, Tristan"]
[Black "Schiano-Lomoriello, Didier"]
[Result "1-0"]
[WhiteElo "1646"]
[BlackElo "1510"]
[PlyCount "53"]

1. b4 e5 2. Bb2 d6 3. g3 Bd7 4. c4 Bc6 5. Nf3 Bxf3 6. exf3 Nf6 7. Bg2 c6 8. O-O
Nbd7 9. Re1 Be7 10. Nc3 O-O 11. d4 Re8 12. Rc1 exd4 13. Qxd4 Qb6 14. Qxb6 Nxb6
15. Bf1 Rad8 16. a4 d5 17. c5 Nc8 18. Ne2 b6 19. Nd4 bxc5 20. bxc5 Rd7 21. Nxc6
Nh5 22. Nxe7+ Rdxe7 23. Rxe7 Rxe7 24. Rd1 Rd7 25. c6 Rd6 26. Re1 Kf8 27. Ba3
1-0

[Event "Open Nord"]
[Site "?"]
[Date "2009.11.07"]
[Round "2"]
[White "Raymond, Xavier"]
[Black "Benezra, Amos"]
[Result "1-0"]
[WhiteElo "1499"]
[BlackElo "1460"]
[PlyCount "45"]
[EventDate "2009.??.??"]
[WhiteTeam "Aix en Provence"]
[BlackTeam "Aix en Provence"]

1. e4 c5 2. Nf3 d6 3. Bb5+ Bd7 4. Bxd7+ Qxd7 5. O-O Nf6 6. Re1 g6 7. d3 Bg7 8.
Bg5 O-O 9. Nc3 Nc6 10. Qd2 Rfe8 11. Nd5 Nxd5 12. exd5 Ne5 13. Re3 Nxf3+ 14.
Rxf3 Bxb2 15. Qf4 Bxa1 16. Qxf7+ Kh8 17. Rh3 Bg7 18. Bh6 Rg8 19. Bg5 Qe8 20.
Qe6 Rc8 21. Rxh7+ Kxh7 22. Qh3+ Bh6 23. Qxh6# 1-0

[Event "Open Nord"]
[Site "?"]
[Date "2009.11.07"]
[Round "2"]
[White "Carre, Pierre-Jean"]
[Black "Benezra, David"]
[Result "1/2-1/2"]
[WhiteElo "1499"]
[BlackElo "1480"]
[PlyCount "128"]
[EventDate "2009.??.??"]
[WhiteTeam "Aix en Provence"]
[BlackTeam "Aix en Provence"]

1. e4 c5 2. d4 cxd4 3. c3 dxc3 4. Nxc3 Nc6 5. Nf3 d6 6. g3 a6 7. Bg2 e6 8. Be3
Nf6 9. O-O Be7 10. Re1 O-O 11. Nd4 Ne5 12. Bh3 Nc4 13. Bc1 Qc7 14. b3 Ne5 15.
Bb2 b5 16. Rc1 Qb6 17. Bg2 Bb7 18. Rc2 Rac8 19. Nf3 Nxf3+ 20. Bxf3 e5 21. Nd5
Nxd5 22. exd5 Rxc2 23. Qxc2 Rc8 24. Qd2 h6 25. h4 Rc7 26. Re4 f5 27. Re2 e4 28.
Bg2 Qc5 29. Bh3 Qxd5 30. Qxd5+ Bxd5 31. Bxf5 Bb7 32. Bxe4 Bxe4 33. Rxe4 Rc2 34.
Bxg7 Kxg7 35. Rxe7+ Kf6 36. Rd7 Rd2 37. Kg2 Ke5 38. Rf7 Rxa2 39. Rf3 d5 40. g4
d4 41. g5 hxg5 42. hxg5 Rc2 43. Rf8 Rc7 44. Kg3 d3 45. f4+ Kd4 46. Kf3 Kc3 47.
Rd8 Kc2 48. f5 d2 49. Rxd2+ Kxd2 50. g6 Rc1 51. Kf4 Rf1+ 52. Ke5 Re1+ 53. Kf6
Rg1 54. g7 Kc3 55. Kf7 Kxb3 56. g8=Q Rxg8 57. Kxg8 b4 58. f6 Ka2 59. f7 b3 60.
f8=Q b2 61. Qf2 a5 62. Kf7 Ka1 63. Qe1+ b1=Q 64. Qxa5+ Qa2+ 1/2-1/2

[Event "Open Nord"]
[Site "?"]
[Date "2009.11.07"]
[Round "2"]
[White "Meyer, Eric"]
[Black "Jean, Nicolas"]
[Result "0-1"]
[WhiteElo "1560"]
[BlackElo "1670"]
[PlyCount "66"]
[EventDate "2010.??.??"]

1. d4 d5 2. c4 e6 3. Nc3 Nf6 4. e3 c6 5. Nf3 Bd6 6. cxd5 exd5 7. Bd3 O-O 8. O-O
Re8 9. Qc2 Bg4 10. Be2 Ne4 11. h3 Bh5 12. Re1 f5 13. Nd2 Qh4 14. Ndxe4 fxe4 15.
Bd2 Rf8 16. Rf1 Rf6 17. Be1 Rg6 18. Kh1 Qg5 19. Rg1 Rh6 20. Bxh5 Rxh5 21. Qe2
Qh6 22. Qf1 Nd7 23. Ne2 Rf8 24. Rc1 Rf3 25. Nf4 Bxf4 26. exf4 Rd3 27. Rc3 Rxd4
28. g4 Rh4 29. g5 Qh5 30. Qg2 Rd3 31. Rxd3 exd3 32. Bd2 Rxh3+ 33. Qxh3 Qxh3#
0-1

[Event "Open Nord"]
[Site "?"]
[Date "2009.12.05"]
[Round "3"]
[White "Jean, Nicolas"]
[Black "Urcun, Gael"]
[Result "1-0"]
[WhiteElo "1670"]
[BlackElo "1640"]
[PlyCount "109"]

1. e4 c6 2. d4 d5 3. e5 Bf5 4. Nf3 e6 5. Nc3 Nd7 6. Be3 c5 7. Bb5 c4 8. O-O a6
9. Bxd7+ Qxd7 10. Nh4 Bg6 11. b3 Rc8 12. Na4 Qc6 13. a3 Ne7 14. Nc5 a5 15. bxc4
dxc4 16. c3 Nd5 17. Nxg6 hxg6 18. Bd2 Bxc5 19. dxc5 Qxc5 20. Qa4+ Rc6 21. Rab1
Nb6 22. Qb5 Qxb5 23. Rxb5 O-O 24. Be3 Nd5 25. Bd4 b6 26. g3 Rb8 27. Rfb1 a4 28.
Ra5 bxa5 29. Rxb8+ Kh7 30. Ra8 Rc7 31. Rxa5 f6 32. Rxa4 f5 33. Ra8 Rb7 34. Rc8
Rb3 35. Rxc4 Rxa3 36. Rc6 f4 37. c4 f3 38. cxd5 Rd3 39. h4 Rxd4 40. d6 Kh6 41.
Rc2 Kh5 42. Kh2 g5 43. hxg5 Kxg5 44. Rc3 Kg4 45. Re3 Rd2 46. Re4+ Kg5 47. g4
Kh4 48. g5+ Kxg5 49. Kg3 Kf5 50. Kxf3 g5 51. Ke3 Rd5 52. Rd4 Rxe5+ 53. Kd3 Rd5
54. Rxd5+ exd5 55. d7 1-0

[Event "Open Nord"]
[Site "?"]
[Date "2009.12.05"]
[Round "3"]
[White "Lagier, Ludovic"]
[Black "Madranges, Jean"]
[Result "0-1"]
[WhiteElo "1490"]
[BlackElo "1773"]
[PlyCount "108"]
[EventDate "2009.??.??"]

1. e4 c5 2. Nc3 Nc6 3. g3 a6 4. Bg2 b5 5. d3 Bb7 6. f4 e6 7. Be3 d6 8. Nf3 g6
9. O-O Bg7 10. Qd2 Nge7 11. Nh4 Nd4 12. f5 exf5 13. exf5 Bxg2 14. Qxg2 Nexf5
15. Nxf5 Nxf5 16. Qe4+ Kf8 17. Qd5 Qe8 18. Bd2 Bd4+ 19. Kh1 Kg7 20. Rae1 Qd7
21. Qf3 Rhe8 22. Nd5 Rxe1 23. Rxe1 Re8 24. Re4 Re5 25. Rxe5 Bxe5 26. c3 Ne7 27.
Ne3 Qc6 28. Kg2 Qxf3+ 29. Kxf3 f5 30. g4 Bxh2 31. gxf5 Nxf5 32. Ng4 Be5 33.
Nxe5 dxe5 34. Ke4 Kf6 35. Be1 Ke6 36. Bf2 Kd6 37. Bg1 h5 38. Bh2 h4 39. Bxe5+
Ke6 40. Bf4 Kf6 41. Be5+ Ke6 42. Bf4 h3 43. Kf3 Kf6 44. Bc7 Kg5 45. Bd8+ Kh5
46. Bc7 g5 47. Kf2 g4 48. Kg1 g3 49. Be5 Kg4 50. d4 cxd4 51. cxd4 Ne3 52. b4
Kf3 53. Kh1 Ng4 54. Kg1 h2+ 0-1

[Event "Open Nord"]
[Site "?"]
[Date "2009.12.05"]
[Round "3"]
[White "Dudognon, Thibault"]
[Black "Montanelli, Tristan"]
[Result "1/2-1/2"]
[WhiteElo "1670"]
[BlackElo "1646"]
[PlyCount "101"]

1. e4 e6 2. d4 c5 3. c3 Nf6 4. e5 Nd5 5. Nf3 cxd4 6. cxd4 d6 7. Nc3 dxe5 8.
Nxe5 Nc6 9. Bb5 Bd7 10. Qh5 Nxe5 11. Qxe5 Nxc3 12. bxc3 Bxb5 13. Qxb5+ Qd7 14.
Qxd7+ Kxd7 15. Rb1 b6 16. Bd2 Bd6 17. Ke2 Rhc8 18. Kd3 Rc6 19. c4 Rac8 20. Rhc1
a6 21. d5 exd5 22. cxd5 Rxc1 23. Rxc1 Rxc1 24. Bxc1 b5 25. Bb2 g6 26. g3 Bc5
27. f3 Bg1 28. h4 Kd6 29. Ke4 f5+ 30. Kf4 Kxd5 31. g4 fxg4 32. fxg4 h6 33. h5
Bh2+ 34. Kf3 gxh5 35. gxh5 Be5 36. Bc1 Bg7 37. Kf4 Ke6 38. Ke4 Bf8 39. Bd2 Bg7
40. Ba5 Bf6 41. Bd2 Bg5 42. Bxg5 hxg5 43. h6 Kf7 44. h7 Kg7 45. Kf5 Kxh7 46.
Kxg5 Kg7 47. Kf5 Kf7 48. Ke5 Ke7 49. Kd5 Kd7 50. Kc5 Kc7 51. a4 1/2-1/2

[Event "Open Nord"]
[Site "?"]
[Date "2009.11.28"]
[Round "3"]
[White "Garcia, Robustiano"]
[Black "Gozzo, Jean-Claude"]
[Result "1-0"]
[WhiteElo "1720"]
[BlackElo "1670"]
[PlyCount "57"]

1. d4 d5 2. c4 e6 3. Nc3 Bb4 4. Nf3 dxc4 5. e4 Nf6 6. Qc2 Nc6 7. e5 Nd5 8. Bxc4
Nxc3 9. bxc3 Be7 10. O-O O-O 11. Be3 f5 12. Qb3 Qd7 13. Bg5 Re8 14. Bxe7 Rxe7
15. Ng5 Na5 16. Qb4 Nxc4 17. Qxc4 b5 18. Qb3 Bb7 19. a4 bxa4 20. Qxb7 Ree8 21.
Rfb1 h6 22. Nf3 Reb8 23. Qa6 g5 24. Rxb8+ Rxb8 25. Qxa7 Rb2 26. g3 Qc6 27. Ne1
Qxc3 28. Qxa4 Kf8 29. Qa3+ 1-0

[Event "Open Nord"]
[Site "?"]
[Date "2009.12.05"]
[Round "3"]
[White "Schiano-Lomoriello, Didier"]
[Black "Alpe, Jean-Charles"]
[Result "0-1"]
[WhiteElo "1510"]
[BlackElo "1620"]
[PlyCount "22"]

1. e4 d6 2. d4 Nf6 3. Nc3 Nbd7 4. f4 e5 5. Nf3 exd4 6. Qxd4 c6 7. e5 dxe5 8.
fxe5 Bc5 9. Qf4 Qe7 10. Qg5 O-O 11. Ne4 Nxe4 0-1

[Event "Open Nord"]
[Site "?"]
[Date "2009.12.05"]
[Round "3"]
[White "Benezra, David"]
[Black "Raymond, Xavier"]
[Result "0-1"]
[WhiteElo "1480"]
[BlackElo "1499"]
[PlyCount "54"]
[EventDate "2009.??.??"]

1. e4 e5 2. Nf3 Nc6 3. d4 exd4 4. Nxd4 Bc5 5. Nxc6 Qf6 6. Qd2 dxc6 7. Nc3 Nh6
8. h3 O-O 9. g4 Qh4 10. Rg1 f5 11. exf5 Re8+ 12. Kd1 Bxf2 13. Bc4+ Nf7 14. Rf1
Bg3 15. Rh1 b5 16. Bb3 Bxf5 17. gxf5 Qh5+ 18. Qe2 Rxe2 19. Nxe2 Re8 20. Kd2
Rxe2+ 21. Kc3 Qf3+ 22. Kb4 Qxh1 23. Bf4 Qe4+ 24. Ka5 Bxf4 25. Rd1 Bd2+ 26. c3
Qe3 27. a3 Qb6+ 0-1

[Event "Open Nord"]
[Site "?"]
[Date "2009.12.05"]
[Round "3"]
[White "Benezra, Amos"]
[Black "Carre, Pierre-Jean"]
[Result "1-0"]
[WhiteElo "1460"]
[BlackElo "1499"]
[PlyCount "87"]

1. e4 c5 2. Nf3 g6 3. d4 d6 4. dxc5 Qa5+ 5. Bd2 Qxc5 6. Bc3 Nf6 7. e5 dxe5 8.
Nxe5 Bg7 9. Bc4 O-O 10. O-O Nc6 11. Nxc6 Qxc6 12. Bb3 Bd7 13. Re1 Rfe8 14. Nd2
Qc5 15. Bxf6 Bxf6 16. Ne4 Qc6 17. Nxf6+ exf6 18. Rxe8+ Rxe8 19. Bd5 Qb5 20. b3
Be6 21. c4 Qb4 22. Qe1 Qe7 23. Bf3 f5 24. Qc3 b6 25. Kf1 Qd6 26. g3 f4 27. g4
Qe7 28. Qd2 Qg5 29. h3 Rd8 30. Qe2 Qa5 31. Qe1 Qc5 32. Rd1 Rf8 33. Bd5 Bd7 34.
Qe5 b5 35. Bxf7+ Rxf7 36. Qxc5 bxc4 37. Qxc4 Kf8 38. Rd4 g5 39. Qc5+ Ke8 40.
Qxg5 f3 41. Qh5 Be6 42. Qg5 Rb7 43. Rd8+ Kf7 44. Qf4+ 1-0

[Event "Open Nord"]
[Site "?"]
[Date "2009.12.05"]
[Round "3"]
[White "Joubert, Leo"]
[Black "Roux, Jean-Marie"]
[Result "1-0"]
[WhiteElo "1399"]
[BlackElo "1510"]
[PlyCount "71"]

1. d4 d5 2. c4 Nf6 3. Nc3 e6 4. cxd5 exd5 5. Bg5 Be7 6. e3 O-O 7. Bd3 Nc6 8.
Bxf6 Bxf6 9. Qh5 g6 10. Qxd5 Bd7 11. Qb3 Rb8 12. a3 Re8 13. Qc2 Nxd4 14. Qd1
Bc6 15. Nf3 Bxf3 16. gxf3 c6 17. O-O Ne6 18. Qc2 Bh4 19. Kh1 Ng5 20. Rad1 Nxf3
21. Bxg6 Qc7 22. Bxh7+ Kf8 23. Kg2 Ng5 24. Qf5 Rbd8 25. Qc5+ Kg7 26. Bf5 Re5
27. Qc4 Rxf5 28. Qxh4 Rh8 29. Qg3 Qe7 30. Rg1 Kf6 31. Kf1 Rh6 32. Qd6+ Qe6 33.
Qd8+ Qe7 34. Rd6+ Ne6 35. Ne4+ Ke5 36. Qxe7 1-0

[Event "Open Nord"]
[Site "?"]
[Date "2009.12.19"]
[Round "4"]
[White "Carre, Pierre-Jean"]
[Black "Roux, Jean-Marie"]
[Result "0-1"]
[WhiteElo "1499"]
[BlackElo "1510"]
[PlyCount "90"]

1. c4 e5 2. Nc3 Nf6 3. g3 Nc6 4. d3 Be7 5. Bg2 d6 6. Bg5 Be6 7. Nf3 O-O 8. O-O
Qd7 9. Bxf6 Bxf6 10. e4 Bh3 11. Nd5 Be7 12. b4 Bxg2 13. Kxg2 Nd8 14. b5 Ne6 15.
a4 Bd8 16. a5 c6 17. bxc6 bxc6 18. Qa4 Nc5 19. Qd1 cxd5 20. cxd5 a6 21. Rc1 Bf6
22. Nxe5 Bxe5 23. d4 Nxe4 24. dxe5 dxe5 25. Re1 f5 26. Re2 Rae8 27. Rec2 f4 28.
f3 Nd6 29. Rc7 Qb5 30. R7c6 Nf5 31. Qd2 Nd4 32. R1c5 Qe2+ 33. Qxe2 Nxe2 34.
Rxa6 e4 35. Rc7 Rf7 36. d6 Rxc7 37. dxc7 Rc8 38. Rc6 Nd4 39. Rc4 Nb5 40. fxe4
fxg3 41. hxg3 Rxc7 42. Ra4 Nc3 43. Rb4 Ra7 44. Rb8+ Kf7 45. e5 Rxa5 0-1

[Event "Open Nord"]
[Site "?"]
[Date "2009.12.19"]
[Round "4"]
[White "Duncan, Troy"]
[Black "Urcun, Gael"]
[Result "0-1"]
[WhiteElo "1499"]
[BlackElo "1640"]
[PlyCount "94"]

1. e4 c6 2. d4 d5 3. exd5 cxd5 4. Nf3 Bg4 5. Nc3 e6 6. Be2 Nf6 7. a3 Be7 8. Be3
O-O 9. O-O Nc6 10. b4 Rc8 11. Qd3 a6 12. b5 Bf5 13. Qd2 axb5 14. Nxb5 Na5 15.
Bd3 Bxd3 16. Qxd3 Nc4 17. Rfb1 Ne4 18. c3 Qa5 19. a4 b6 20. Bc1 Ncd6 21. Bd2
Rc4 22. Rb4 Rfc8 23. Rxc4 Rxc4 24. Nxd6 Bxd6 25. Ng5 Nxg5 26. Bxg5 Rxa4 27. Rb1
Ra1 28. Bd8 Rxb1+ 29. Qxb1 Qxc3 30. Bxb6 Qb4 31. Qxb4 Bxb4 32. Bc5 Bxc5 33.
dxc5 Kf8 34. Kf1 Ke7 35. Ke2 Kd7 36. Kd3 e5 37. f4 f6 38. fxe5 fxe5 39. Ke3 Kc6
40. Kf3 Kxc5 41. Kg4 d4 42. Kf3 Kc4 43. Ke2 e4 44. Kd2 e3+ 45. Ke2 d3+ 46. Kd1
Kc3 47. Kc1 e2 0-1

[Event "Open Nord"]
[Site "?"]
[Date "2009.12.19"]
[Round "4"]
[White "Lagier, Ludovic"]
[Black "Joubert, Leo"]
[Result "1-0"]
[WhiteElo "1490"]
[BlackElo "1399"]
[PlyCount "85"]

1. e4 e6 2. d4 d5 3. Nc3 Bb4 4. exd5 exd5 5. h3 Nf6 6. Bg5 O-O 7. Nf3 Qe8+ 8.
Be2 Bxc3+ 9. bxc3 Ne4 10. Bd2 Qa4 11. O-O Qa3 12. c4 Nxd2 13. Qxd2 dxc4 14.
Bxc4 Qd6 15. Rfe1 Nd7 16. Ng5 c5 17. Nxf7 Qxd4 18. Qe2 Nb6 19. Bb3 c4 20. Rad1
Qf4 21. Nh6+ gxh6 22. Qh5 Qg5 23. Bxc4+ Nxc4 24. Qe2 Nb6 25. Qd3 Bf5 26. Qb3+
Kh8 27. Re3 Rad8 28. Rde1 Bg6 29. Re7 Qd5 30. Qg3 Rg8 31. R7e5 Qxa2 32. Qc3
Qxc2 33. Qa1 Rg7 34. Re7 Rdg8 35. Rxb7 Qc6 36. Ree7 Qd7 37. Rbxd7 Nxd7 38. Rxd7
Bf5 39. Rxa7 Bxh3 40. g3 h5 41. Kh2 Bg4 42. Qf6 Be6 43. Rxg7 1-0

[Event "Open Nord"]
[Site "?"]
[Date "2009.12.19"]
[Round "4"]
[White "Gozzo, Jean-Claude"]
[Black "Schiano-Lomoriello, Didier"]
[Result "1-0"]
[WhiteElo "1670"]
[BlackElo "1510"]
[PlyCount "47"]

1. d4 Nf6 2. c4 g6 3. Nc3 d5 4. Bg5 Ne4 5. Bh4 Nxc3 6. bxc3 dxc4 7. a4 Bg7 8.
e3 c5 9. Bxc4 O-O 10. Ne2 cxd4 11. cxd4 Nc6 12. O-O Qc7 13. Rc1 Qd6 14. Nc3 Na5
15. Nb5 Qb4 16. Ba2 Nc6 17. Nc7 Rb8 18. Bg3 Qa5 19. Rc5 Qb4 20. Nd5 Qb2 21. Rc2
Qa3 22. Bxb8 Nxb8 23. Qc1 Qd6 24. Rxc8 1-0

[Event "Open Nord"]
[Site "?"]
[Date "2009.12.19"]
[Round "4"]
[White "Dudognon, Thibault"]
[Black "Jean, Nicolas"]
[Result "1-0"]
[WhiteElo "1670"]
[BlackElo "1670"]
[PlyCount "67"]

1. e4 e5 2. Nf3 Nc6 3. Bc4 Bc5 4. b4 Bb6 5. a4 a6 6. Bb2 d6 7. b5 axb5 8. axb5
Rxa1 9. Bxa1 Na5 10. Ba2 Nf6 11. d3 O-O 12. Qd2 Bd7 13. Bc3 c6 14. bxc6 bxc6
15. O-O Qc7 16. Na3 Ra8 17. Ng5 Be8 18. Nc4 Nxc4 19. Bxc4 d5 20. exd5 cxd5 21.
Bb3 Rd8 22. Re1 Ng4 23. Nh3 d4 24. Bb4 Bd7 25. Ng5 Nh6 26. Qe2 Re8 27. Qh5 Bf5
28. Nxf7 Nxf7 29. Qxf5 Ra8 30. f3 Ba5 31. Bxa5 Rxa5 32. Qe6 Ra8 33. Rxe5 Rf8
34. Rf5 1-0

[Event "Open Nord"]
[Site "?"]
[Date "2009.12.19"]
[Round "4"]
[White "Montanelli, Tristan"]
[Black "Garcia, Robustiano"]
[Result "1-0"]
[WhiteElo "1646"]
[BlackElo "1720"]
[PlyCount "65"]

1. b4 e5 2. Bb2 d6 3. c4 Nc6 4. b5 Nd4 5. e3 Ne6 6. Nf3 Nf6 7. Nc3 Be7 8. Qc2
O-O 9. g3 b6 10. Bg2 Bb7 11. d3 Rc8 12. O-O Nd7 13. Nd5 f5 14. Nd2 c6 15. Nxe7+
Qxe7 16. f4 Nd8 17. a4 g5 18. Qc3 gxf4 19. exf4 Qf6 20. fxe5 Qxe5 21. d4 Qg7
22. Qd3 Qg6 23. Bh3 Rc7 24. Bxf5 Qh6 25. Rae1 Nf6 26. Be6+ Nxe6 27. Rxe6 Rcf7
28. bxc6 Bxc6 29. d5 Bxa4 30. Qd4 Bd7 31. Rexf6 Rxf6 32. Rxf6 Rxf6 33. Qxf6 1-0